000 00357nam a22001337a 4500
040 _cNUST
082 _a629.475
_bHUZ
100 _aHuzel, Dieter K.
_958995
245 _aModern Engineering for Design of Liquid-Propellant Rocket Engines /
_cDieter K. Huzel
260 _aWashington :
_bAIAA ;
_c1992.
300 _a425p.
521 _bHB
942 _2ddc
_cBK
999 _c606809
_d606809